000 nam a22 7a 4500
999 _c9305
_d9305
008 180125b ||||| |||| 00| 0 eng d
100 _aNCERT
_95561
245 _aSocial Science-VII
260 _aNew Delhi
_bNCERT
_c2007